000 01755nam a2200385 c 4500
003 BLK
005 20180422105306.0
008 180409b bul|||||r ||||||| ||bul||
010 _aKNG00104812000
020 _a954-90735-5-6
_bиздат.: Тих-Ивел
040 _aBLK
041 _aBUL
_cBUL
080 _aБългарска литература
_b821.163.2
_x-94
_z821.163.2-94
080 _aБългарска литература
_b821.163.2
_x.09(092)(093.3)
_z821.163.2.09(092)(093.3)
080 _aВътрешна политика. Вж и 329
_b323
_x(497.2)(093.3)
_z323(497.2)(093.3)
080 _aБългарски писател и журналист
_b929 Василев, Йордан
_x
_z929 Василев, Йордан
100 1 _aВасилев, Йордан Асенов
_eпърви автор
_9364747
139 _aВасилев, Йордан Асенов
_bВ 24
245 1 0 _aПатила и радости
_bСпомени, свидетелства, сюжети, сбогувания,споделяния, снимки, срещи
_cЙордан Асенов Василев.
257 _aBGR
260 София
_bТих-Ивел
_c2002
300 _a394 с.
_bс портр., факс.
_c23 см
380 _aX
600 1 4 _aВасилев, Йордан Асенов
_9364747
650 4 _aПисатели, български - спомени
_9243093
650 4 _aБългария - вътрешна политика - след 9.IХ.1944 г.
_9261429
653 _aбългарски писатели
653 _aспомени
653 _aЙордан Василев
852 _aЦб 213687
856 4 _qpdf
_u
856 4 _qpdf
_u
942 _cKNG
_n0
944 _aCR
_c01.01.2002
_kВаля_Йорданова
944 _aED
_c02.03.2004
_k
999 _c99796
_d99796